00505 2200181 4500001002100000005001500021035002000036245006800056100002300124260004300147300002600190020002200216084001400238082000800252650001000260008004100270990001200311INLIS00000000000272620251007100705 a0010-09250000731 aZikir Menyembuhkan Kanker /cProf. Dr. H. M. Amim Syukur, M. A. aAmim Syukur, M. A. aJakarta :bEmir Cakrawala Islam,c2016 a112 ;c(14,5 x 21 cm) a978-602-0935-54-6 a200 AMI z a200 4aFiksi251007 0  a0754928